[Event "GRE-ch U18"]
[Site "Kavala"]
[Date "2022.04.30"]
[Round "7"]
[White "Stefanou, Konstantinos"]
[Black "Tragoudaras, Nikolaos"]
[Result "1-0"]
[WhiteElo "2048"]
[BlackElo "1751"]
[PlyCount "53"]
[EventDate "2022.04.26"]
[EventType "swiss"]
[EventRounds "9"]
[EventCountry "GRE"]
[SourceTitle "CBM 208 Extra"]
[Source "ChessBase"]
[SourceDate "2022.07.31"]
[SourceVersion "1"]
[SourceVersionDate "2022.07.31"]
[SourceQuality "1"]

1. d4 Nf6 2. c4 g6 3. Nc3 Bg7 4. e4 d6 5. Nge2 0-0 6. Ng3 h5 7. Bg5 c5 8. d5 a6 9. Be2 b5 10. cxb5 axb5 11. Bxb5 Qa5 12. a4 Na6 13. 0-0 Nc7 14. Bc6 Rb8 15. Nb5 Na6 16. Re1 Nb4 17. Rc1 Nxc6 18. dxc6 Ba6 19. e5 dxe5 20. c7 Rbc8 21. Rxc5 Bxb5 22. Rxb5 Qxc7 23. Rbxe5 e6 24. Bxf6 Bxf6 25. Rb5 Rfd8 26. Qf3 Bg7 27. Rb7 1-0

[Event "Cattolica Vergani Cup"]
[Site "Cattolica"]
[Date "2021.12.30"]
[Round "9"]
[White "Machidon, Cristi"]
[Black "Stefanou, Konstantinos"]
[Result "1-0"]
[WhiteElo "2282"]
[BlackElo "2076"]
[PlyCount "51"]
[EventDate "2021.12.26"]
[EventType "swiss"]
[EventRounds "9"]
[EventCountry "ITA"]
[SourceTitle "EXT 2023"]
[Source "ChessBase"]
[SourceDate "2022.10.05"]
[SourceVersion "1"]
[SourceVersionDate "2022.10.05"]
[SourceQuality "1"]

1. d4 d5 2. Bf4 Nf6 3. e3 e6 4. Nd2 Bd6 5. Bg3 c5 6. c3 Qc7 7. Bd3 Nbd7 8. Bxd6 Qxd6 9. f4 b6 10. Ngf3 Bb7 11. Ne5 Qe7 12. Qf3 Nxe5 13. fxe5 Nd7 14. 0-0 0-0 15. Qh3 h6 16. Rf4 f5 17. g4 fxg4 18. Rxg4 Kh8 19. Rg6 Rae8 20. Kh1 Rf7 21. Rag1 Nf8 22. Qxh6+ Nh7 23. Qh3 Kg8 24. Rxg7+ Rxg7 25. Qxh7+ Kf8 26. Qh8+ 1-0

[Event "Cattolica Vergani Cup"]
[Site "Cattolica"]
[Date "2021.12.26"]
[Round "1"]
[White "Stefanou, Konstantinos"]
[Black "Manish, Anto Cristiano F"]
[Result "0-1"]
[WhiteElo "2076"]
[BlackElo "2336"]
[PlyCount "102"]
[EventDate "2021.12.26"]
[EventType "swiss"]
[EventRounds "9"]
[EventCountry "ITA"]
[SourceTitle "CBM 206 Extra"]
[Source "ChessBase"]
[SourceDate "2022.03.31"]
[SourceVersion "1"]
[SourceVersionDate "2022.03.31"]
[SourceQuality "1"]

1. d4 Nf6 2. c4 e6 3. Nc3 Bb4 4. e3 0-0 5. Bd2 d5 6. Nf3 b6 7. cxd5 exd5 8. Rc1 a6 9. Bd3 Bb7 10. 0-0 Bd6 11. Ne5 c5 12. f4 Nc6 13. Be1 cxd4 14. Nxc6 Bxc6 15. Ne2 Bd7 16. Nxd4 Re8 17. Bd2 Ne4 18. Bxe4 dxe4 19. Bc3 Qe7 20. Qe2 Red8 21. h3 f6 22. Rfd1 Kh8 23. b3 a5 24. g4 Bc5 25. Kg2 Rac8 26. Bb2 a4 27. Qf2 Qf7 28. Qe2 h6 29. Kg3 Qe7 30. Rc2 Qe8 31. Rdc1 Bb4 32. Rxc8 Rxc8 33. Rc4 Bc5 34. Qc2 axb3 35. axb3 h5 36. b4 Bxb4 37. gxh5 Be1+ 38. Kg2 Rxc4 39. Qxc4 Qxh5 40. Qe2 Qxh3+ 41. Kg1 Qg3+ 42. Kh1 Bg4 43. Qh2+ Qxh2+ 44. Kxh2 Bc8 45. Nb5 Ba6 46. Nd6 Bd3 47. Kh3 b5 48. Kg4 b4 49. Bxf6 gxf6 50. Kf5 Bc3 51. Kg6 Kg8 0-1